La generación de los noventa: ocho tesis erradas sobre juventud, educación y empleo en América Latina y sus implicancias para políticas de equidad

Gardado en:
Detalles Bibliográficos
Autor Corporativo: CEPAL. División de Desarrollo Social
Formato: Texto
Publicado: Santiago: CEPAL
Etiquetas: Engadir etiqueta
Sen Etiquetas, Sexa o primeiro en etiquetar este rexistro!

MARC

LEADER 00000 a a2200000 04500
001 21787
003
040
090 |a 097600  
110 |a CEPAL. División de Desarrollo Social  
245 |a La generación de los noventa: ocho tesis erradas sobre juventud, educación y empleo en América Latina y sus implicancias para políticas de equidad  
260 |a Santiago:   |b CEPAL  
300 |a 26 p.  
500 |a Este documento no ha sido sometido a revisión editorial  
999 |c 3419  |d 3419